Physical design automation of VLSI systems / (Record no. 26134)
[ view plain ]
| 000 -LEADER | |
|---|---|
| fixed length control field | 00830cam a22002415a 4500 |
| 001 - CONTROL NUMBER | |
| control field | 009126530 |
| 005 - DATE AND TIME OF LATEST TRANSACTION | |
| control field | 20180207160105.0 |
| 008 - FIXED-LENGTH DATA ELEMENTS--GENERAL INFORMATION | |
| fixed length control field | 880414t1988 cau frb 001 0 eng d |
| 020 ## - INTERNATIONAL STANDARD BOOK NUMBER | |
| International Standard Book Number | 0805301429 |
| 040 ## - CATALOGING SOURCE | |
| Original cataloging agency | Uk |
| Transcribing agency | Uk |
| Language of cataloging | eng |
| Modifying agency | EG-ScBUE |
| 082 04 - DEWEY DECIMAL CLASSIFICATION NUMBER | |
| Edition number | 22 |
| Classification number | 621.38173 |
| Item number | PHY |
| 245 00 - TITLE STATEMENT | |
| Title | Physical design automation of VLSI systems / |
| Statement of responsibility, etc | edited by Bryan T. Preas and Michael J. Lorenzetti. |
| 260 ## - PUBLICATION, DISTRIBUTION, ETC. (IMPRINT) | |
| Place of publication, distribution, etc | Menlo Park : |
| Name of publisher, distributor, etc | Benjamin / Cummings Pub. Co, |
| Date of publication, distribution, etc | c.1988. |
| 300 ## - PHYSICAL DESCRIPTION | |
| Extent | 510 p. : |
| Other physical details | ill. ; |
| Dimensions | 24 cm. |
| 504 ## - BIBLIOGRAPHY, ETC. NOTE | |
| Bibliography, etc | Includes bibliographical references and index. |
| 650 #7 - SUBJECT ADDED ENTRY--TOPICAL TERM | |
| Source of heading or term | BUEsh |
| Topical term or geographic name as entry element | Integrated circuits |
| General subdivision | Computer-aided design. |
| 651 ## - SUBJECT ADDED ENTRY--GEOGRAPHIC NAME | |
| Source of heading or term | BUEsh |
| 653 ## - INDEX TERM--UNCONTROLLED | |
| Resource For college | Generalities |
| -- | Informatics and Computer Science |
| Arrived date list | February2018 |
| 700 1# - ADDED ENTRY--PERSONAL NAME | |
| Personal name | Preas, Bryan T., |
| Relator term | editor. |
| 700 1# - ADDED ENTRY--PERSONAL NAME | |
| Personal name | Lorenzetti, Michael J., |
| Relator term | editor. |
| 886 2# - FOREIGN MARC INFORMATION FIELD | |
| 2 | blmarc |
| a | 010 |
| b | 00 |
| a | 88014479 |
| 942 ## - ADDED ENTRY ELEMENTS (KOHA) | |
| Source of classification or shelving scheme | Dewey Decimal Classification |
| Withdrawn status | Item status | Source of classification or shelving scheme | Damaged status | Not for loan | Home library | Current library | Shelving location | Date acquired | Total Checkouts | Full call number | Barcode | Date last seen | Koha item type |
|---|---|---|---|---|---|---|---|---|---|---|---|---|---|
| Dewey Decimal Classification | Central Library | Central Library | First floor | 07/02/2018 | 621.38173 PHY | 000047273 | 15/07/2025 | Book - Borrowing |